Представление документа в формате MARC21

Поле Инд. ПП Название Значение
Тип записи a
Библиографический уровень m
001 Контрольный номер 069cecb8-a8d7-453d-b91b-ab614305fc98
005 Дата корректировки 20140226222548.1
008 Кодируемые данные 010111 d
020 a ISBN 5-691-00345-3
c Цена, тираж 45.00
020 a ISBN 5-691-00344-5
040 a Служба первич. каталог. НБ ТвГУ
041 a Код языка текста rus
080 a Индекс УДК 94/99(1-87)(075.8)
084 a Индекс другой классификации/Индекс ББК Т3(0)я731-1
a Индекс другой классификации/Индекс ББК Т3(0)5я731-1
090 a Полочн. индекс Т3(0)
x Авторский знак П56
100 1_ a Автор Пономарев Михаил Викторович
245 10 a Заглавие Новая и новейшая история стран Европы и Америки
b Продолж. заглавия Учеб. пособие для студентов вузов
c Ответственность М. В. Пономарев, С. Ю. Смирнова
n Номер части/ раздела [Ч.] 1
p Название части/ раздела Предмет и периодизация курса. Европейская цивилизация в XVI-XVII вв. Век Просвещения - период становления индустриального общества
260 0_ a Место издания Москва
b Издательство Гуманит. изд. центр ВЛАДОС
c Дата издания 2000
300 a Объем 287 с.
b Иллюстрации/ тип воспроизводства табл.
440 a Серия Практ. пособие для вузов
504 a Библиография Библиогр. в конце тем.
583 a Действие Получение впервые 468 28.12.2000
k Исполнитель действия Предприниматель Виноградова Г.А.
650 a Основная рубрика Новая история
650 a Основная рубрика Новейшая история
x Основная подрубрика Зарубежные страны
x Основная подрубрика Учебники для вузов
653 a Ключевые слова Америка
a Ключевые слова Европа
a Ключевые слова Европейская цивилизация
a Ключевые слова Зарубежные страны
a Ключевые слова История зарубежных стран
a Ключевые слова Новая история
a Ключевые слова Новейшая история
a Ключевые слова Эпоха Просвещения
700 1_ a Другие авторы Смирнова Светлана Юрьевна
852 t Порядковый номер экземпляра 1
p Инвентарный номер 730981
852 t Порядковый номер экземпляра 1
p Инвентарный номер 730982
888 a За счет средств университета
930 a Новая/Ретро учебники
952 p 468.2000 45.00 1 730981
p 468.2000 45.00 1 730982
c Вид литературы К ру
954 a Дата поступления на обработку 20001230
999 a Подразделение 2 ч.з.
a Подразделение 2 уч.о.(каб.НиНИ)